000 00271nmm a2200085Ia 4500
008 220120s9999||||xx |||||||||||||||||und||
100 _aChandrupatla, Tirupathi R and Belegundu, Ashok D
245 0 _aIntroduction to finite elements in engineering
260 _aTata mcgraw hill
999 _c139513
_d139513